[Event "Landesliga Sued 0910"]
[Site "Bayern"]
[Date "2010.01.24"]
[Round "5.6"]
[White "Schwarzberg, Ilja"]
[Black "Schuetzhold, Frank"]
[Result "1-0"]
[WhiteElo "2098"]
[BlackElo "1758"]
[PlyCount "109"]
[EventDate "2009.10.18"]
[EventType "team-tourn"]
[EventRounds "9"]
[EventCountry "GER"]
[SourceTitle "EXT 2011"]
[Source "ChessBase"]
[SourceDate "2010.11.26"]
[SourceVersion "1"]
[SourceVersionDate "2010.11.26"]
[SourceQuality "1"]
[WhiteTeam "Muenchen Tarrasch II"]
[BlackTeam "Tegernsee"]
[WhiteTeamCountry "GER"]
[BlackTeamCountry "GER"]

1. e4 d6 2. d4 Nf6 3. Nc3 g6 4. Bc4 Bg7 5. Nge2 0-0 6. f3 c6 7. Be3 b5 8. Bb3 b4 9. Nb1 a5 10. a4 Nbd7 11. Nd2 Qc7 12. Nc4 Nb6 13. Nxb6 Qxb6 14. Qd2 Qc7 15. 0-0 Ba6 16. Rfc1 c5 17. c3 Qb7 18. Bd1 Rfd8 19. cxb4 cxb4 20. d5 Qb8 21. Nd4 Bb7 22. Be2 Rc8 23. Bb5 Rxc1+ 24. Rxc1 Qd8 25. Qf2 Nd7 26. Bxd7 Qxd7 27. Nc6 Bxc6 28. dxc6 Qe6 29. Bb6 Qb3 30. Bd4 e5 31. c7 Rc8 32. Bb6 Qxa4 33. Qc2 Qxc2 34. Rxc2 a4 35. Rc4 a3 36. b3 a2 37. Rc1 Bh6 38. Ra1 Bd2 39. Rxa2 Bc3 40. Ra7 Kf8 41. Kf1 Ke7 42. Ba5 Bd4 43. Ra6 Bc5 44. Ke2 Kd7 45. Kd3 h5 46. Kc4 Ke6 47. Rc6 Kd7 48. Kb5 Ra8 49. c8Q+ Rxc8 50. Rxc8 Kxc8 51. Bxb4 Bxb4 52. Kxb4 f5 53. h4 Kc7 54. Kc4 Kc6 55. b4 1-0

[Event "Regionalliga SW 0809"]
[Site "Bayern"]
[Date "2008.10.05"]
[Round "1.6"]
[White "Schwarzberg, Ilja"]
[Black "Winterkamp, Stefan"]
[Result "1-0"]
[WhiteElo "2085"]
[BlackElo "1978"]
[PlyCount "77"]
[EventDate "2008.10.05"]
[EventType "team-tourn"]
[EventRounds "9"]
[EventCountry "GER"]
[SourceTitle "EXT 2020"]
[Source "ChessBase"]
[SourceDate "2019.10.17"]
[SourceVersion "1"]
[SourceVersionDate "2019.10.17"]
[SourceQuality "1"]
[WhiteTeam "Muenchen Tarrasch II"]
[BlackTeam "Klosterlechfeld"]
[WhiteTeamCountry "GER"]
[BlackTeamCountry "GER"]

1. d4 Nf6 2. Nf3 b6 3. Bg5 Ne4 4. Bh4 Bb7 5. Nbd2 Nxd2 6. Qxd2 g6 7. e3 Bg7 8. Bd3 d5 9. Ne5 0-0 10. f4 Nd7 11. g4 f6 12. Nf3 Qe8 13. 0-0-0 e5 14. Be2 e4 15. Ng1 c5 16. c4 cxd4 17. f5 d3 18. Bg3 dxe2 19. Nxe2 Ne5 20. cxd5 Nd3+ 21. Kb1 Bxd5 22. h4 Rd8 23. fxg6 Qxg6 24. Nd4 Qxg4 25. Rdg1 Qd7 26. h5 h6 27. Rg2 Kh8 28. Bh4 Rc8 29. Rhg1 Rg8 30. Rg6 Ne5 31. Qh2 Nf3 32. Nxf3 exf3 33. Qf4 Kh7 34. Bxf6 Bxa2+ 35. Ka1 Rc7 36. Rxg7+ Rxg7 37. Rxg7+ Qxg7 38. Bxg7 Rxg7 39. Kxa2 1-0

[Event "Regionalliga SW 0607"]
[Site "Bayern"]
[Date "2006.11.19"]
[Round "3.2"]
[White "Bonacci, Mauro"]
[Black "Schwarzberg, Ilja"]
[Result "0-1"]
[WhiteElo "2141"]
[BlackElo "2105"]
[PlyCount "62"]
[EventDate "2006.10.15"]
[EventType "team-tourn"]
[EventRounds "9"]
[EventCountry "GER"]
[SourceTitle "EXT 2008"]
[Source "ChessBase"]
[SourceDate "2007.11.25"]
[SourceVersion "1"]
[SourceVersionDate "2007.11.25"]
[SourceQuality "1"]
[WhiteTeam "Zugzwang MSA"]
[BlackTeam "Muenchen Tarrasch II"]
[WhiteTeamCountry "GER"]
[BlackTeamCountry "GER"]

1. e4 d5 2. Nc3 dxe4 3. Nxe4 Qd5 4. Qf3 Nc6 5. Nc3 Qa5 6. Bb5 Bd7 7. Nge2 Nf6 8. 0-0 0-0-0 9. Re1 e5 10. Bxc6 Bxc6 11. Qf5+ Bd7 12. Qd3 Bc5 13. Ne4 Be6 14. Qf3 Nxe4 15. Qxe4 f5 16. Qh4 g5 17. Qh6 Bc4 18. b3 Rd6 19. Qh5 Bb5 20. c3 Bd3 21. Nd4 Rxd4 22. b4 Rxb4 23. cxb4 Qxb4 24. Rxe5 Bxf2+ 25. Kh1 Rd8 26. Re8 Qd4 27. Rxd8+ Kxd8 28. Qf3 g4 29. Qxb7 Qxa1 30. Qd5+ Ke7 31. Qc6 Bb6 0-1

[Event "Regionalliga SW 0607"]
[Site "Bayern"]
[Date "2006.10.15"]
[Round "1.2"]
[White "Schwarzberg, Ilja"]
[Black "Miskevicer, Boris"]
[Result "1/2-1/2"]
[WhiteElo "2105"]
[BlackElo "2106"]
[PlyCount "20"]
[EventDate "2006.10.15"]
[EventType "team-tourn"]
[EventRounds "9"]
[EventCountry "GER"]
[SourceTitle "EXT 2008"]
[Source "ChessBase"]
[SourceDate "2007.11.25"]
[SourceVersion "1"]
[SourceVersionDate "2007.11.25"]
[SourceQuality "1"]
[WhiteTeam "Muenchen Tarrasch II"]
[BlackTeam "Muenchen Schwabing"]
[WhiteTeamCountry "GER"]
[BlackTeamCountry "GER"]

1. e4 c6 2. d4 d5 3. e5 Bf5 4. Ne2 e6 5. Ng3 Ne7 6. c3 Qb6 7. Nxf5 Nxf5 8. Bd3 Be7 9. Qg4 h5 10. Qh3 g6 1/2-1/2

[Event "Oberliga Bayern 0506"]
[Site "Bayern"]
[Date "2006.02.19"]
[Round "7.8"]
[White "Schwarzberg, Ilja"]
[Black "Bildt, Thomas"]
[Result "1-0"]
[WhiteElo "2013"]
[BlackElo "2016"]
[PlyCount "55"]
[EventDate "2005.10.23"]
[EventType "team-tourn"]
[EventRounds "9"]
[EventCountry "GER"]
[SourceTitle "EXT 2007"]
[Source "ChessBase"]
[SourceDate "2006.11.23"]
[SourceVersion "1"]
[SourceVersionDate "2006.11.23"]
[SourceQuality "1"]
[WhiteTeam "Muenchen Tarrasch"]
[BlackTeam "Zirndorf"]
[WhiteTeamCountry "GER"]
[BlackTeamCountry "GER"]

1. e4 e5 2. Nf3 Nc6 3. Bc4 Bc5 4. 0-0 d6 5. c3 Bg4 6. d3 Nf6 7. Be3 Bb6 8. Nbd2 Qd7 9. a4 h6 10. Re1 Bxe3 11. fxe3 Be6 12. Qe2 Bxc4 13. Nxc4 0-0 14. Rf1 Qg4 15. Qe1 Nd7 16. Nh4 g6 17. Rf3 Ne7 18. Nf5 Nxf5 19. exf5 Kh7 20. e4 Qg5 21. Ne3 Qe7 22. Ng4 Qg5 23. Rg3 Qf4 24. Qe2 gxf5 25. Rf1 Qg5 26. Rxf5 Qc1+ 27. Rf1 Qg5 28. Nxh6 1-0

[Event "Oberliga Bayern 0506"]
[Site "Bayern"]
[Date "2006.01.15"]
[Round "5.8"]
[White "Schwarzberg, Ilja"]
[Black "Enigl, Karl"]
[Result "1-0"]
[WhiteElo "2013"]
[BlackElo "2024"]
[PlyCount "71"]
[EventDate "2005.10.23"]
[EventType "team-tourn"]
[EventRounds "9"]
[EventCountry "GER"]
[SourceTitle "EXT 2007"]
[Source "ChessBase"]
[SourceDate "2006.11.23"]
[SourceVersion "1"]
[SourceVersionDate "2006.11.23"]
[SourceQuality "1"]
[WhiteTeam "Muenchen Tarrasch"]
[BlackTeam "Muenchen 36"]
[WhiteTeamCountry "GER"]
[BlackTeamCountry "GER"]

1. e4 c6 2. d4 d5 3. e5 c5 4. dxc5 Nc6 5. Bb5 e6 6. Bxc6+ bxc6 7. Be3 Ne7 8. c3 Nf5 9. Qf3 Ba6 10. Ne2 Qb8 11. 0-0 Qxe5 12. b4 Be7 13. Re1 Bxe2 14. Qxe2 Nxe3 15. Qa6 Qc7 16. Rxe3 Bf6 17. Nd2 0-0 18. Nf3 e5 19. Rae1 e4 20. Nd2 Bg5 21. R3e2 Bxd2 22. Rxd2 Qc8 23. Qxc8 Rfxc8 24. c4 a5 25. cxd5 cxd5 26. a3 axb4 27. axb4 Rab8 28. Rd4 Rb5 29. Red1 Kf8 30. Kf1 g6 31. Ke2 Ke7 32. Kd2 Ke6 33. Kc3 Rcb8 34. Ra1 f5 35. Ra6+ Ke7 36. Rd6 1-0

[Event "Bayern-ch 76th"]
[Site "Wuerzburg"]
[Date "2005.08.29"]
[Round "4"]
[White "Glitz, Martin"]
[Black "Schwarzberg, Ilja"]
[Result "0-1"]
[WhiteElo "2005"]
[BlackElo "2013"]
[PlyCount "72"]
[EventDate "2005.08.27"]
[EventType "swiss"]
[EventRounds "9"]
[EventCountry "GER"]
[SourceTitle "EXT 2015"]
[Source "ChessBase"]
[SourceDate "2014.11.20"]
[SourceVersion "1"]
[SourceVersionDate "2014.11.20"]
[SourceQuality "1"]

1. e4 e5 2. Nf3 d5 3. exd5 Bd6 4. d4 e4 5. Ne5 Nf6 6. Nc3 0-0 7. Be2 Nbd7 8. Nxd7 Bxd7 9. 0-0 Rb8 10. a3 Re8 11. Re1 b5 12. Be3 a5 13. Bg5 b4 14. axb4 axb4 15. Na4 h6 16. Bxf6 Qxf6 17. Nc5 Bf5 18. Bf1 Qg5 19. Na6 Rb6 20. Nc5 Bg4 21. Be2 Bh3 22. Bf1 Bxg2 23. Bxg2 Bxc5 24. Re3 Bd6 25. Qe1 f5 26. c4 bxc3 27. bxc3 Bf4 28. Re2 Rg6 29. f3 Qh5 30. fxe4 Bxh2+ 31. Kf1 fxe4 32. Raa2 Bg3 33. Qb1 e3 34. Rxe3 Rf8+ 35. Rf3 Rxf3+ 36. Bxf3 Qxf3+ 0-1

[Event "Munich-ch VM1"]
[Site "Munich"]
[Date "2005.02.27"]
[Round "9"]
[White "Schwarzberg, Ilja"]
[Black "Osthoff, Michael"]
[Result "1-0"]
[WhiteElo "2043"]
[BlackElo "2146"]
[PlyCount "123"]
[EventDate "2005.01.21"]
[EventType "tourn"]
[EventRounds "9"]
[EventCountry "GER"]
[SourceTitle "EXT 2007"]
[Source "ChessBase"]
[SourceDate "2006.11.23"]
[SourceVersion "1"]
[SourceVersionDate "2006.11.23"]
[SourceQuality "1"]

1. e4 c5 2. d4 cxd4 3. c3 d3 4. Nf3 d6 5. h3 g6 6. Bxd3 Bg7 7. 0-0 Nf6 8. c4 Nc6 9. Nc3 0-0 10. Be3 Bd7 11. Qd2 Re8 12. Rad1 Qc8 13. Be2 b6 14. Bg5 Be6 15. Nh2 Nd7 16. Bh6 Bh8 17. f4 Nd4 18. b3 Nc5 19. Bd3 f5 20. Bb1 a5 21. g4 fxg4 22. f5 g3 23. Ng4 Bf7 24. Be3 gxf5 25. Nh6+ Kf8 26. Bxd4 e5 27. Rxf5 Ra7 28. Qg5 Bg7 29. Rdf1 Ree7 30. Be3 Ne6 31. Nxf7 Rxf7 32. Rxf7+ Rxf7 33. Rxf7+ Kxf7 34. Qf5+ Kg8 35. Nd5 Qe8 36. Bh6 Nd4 37. Qg4 Qf7 38. Qxg7+ Qxg7 39. Bxg7 Kxg7 40. Bd3 Nf3+ 41. Kh1 g2+ 42. Kxg2 Ne1+ 43. Kg3 Nxd3 44. Nxb6 Kf7 45. Nd5 Nc1 46. Nc3 Kf6 47. Kf3 Nd3 48. Ke3 Nc5 49. Nd5+ Kg5 50. Ne7 Kf6 51. Nc6 Nb7 52. Kf3 Kg5 53. a3 Kh4 54. b4 axb4 55. axb4 Kxh3 56. Na5 Nd8 57. b5 h5 58. b6 h4 59. b7 Nxb7 60. Nxb7 Kh2 61. Nxd6 h3 62. Nf5 1-0

[Event "Munich-ch VM1"]
[Site "Munich"]
[Date "2005.01.23"]
[Round "3"]
[White "Schwarzberg, Ilja"]
[Black "Begna, Bozidar"]
[Result "1/2-1/2"]
[WhiteElo "2043"]
[BlackElo "2145"]
[PlyCount "149"]
[EventDate "2005.01.21"]
[EventType "tourn"]
[EventRounds "9"]
[EventCountry "GER"]
[SourceTitle "EXT 2007"]
[Source "ChessBase"]
[SourceDate "2006.11.23"]
[SourceVersion "1"]
[SourceVersionDate "2006.11.23"]
[SourceQuality "1"]

1. e4 Nf6 2. Nc3 e5 3. Bc4 Nc6 4. d3 Bb4 5. Bd2 0-0 6. Nge2 Nd4 7. f4 d6 8. f5 c6 9. 0-0 d5 10. Bb3 Bc5 11. Kh1 Nxb3 12. axb3 Ng4 13. Qe1 Be3 14. Qg3 Bxd2 15. Qxg4 f6 16. Rf3 b5 17. Rd1 Bh6 18. Rg1 b4 19. Nd1 dxe4 20. Qxe4 Qb6 21. Ne3 Bxe3 22. Rxe3 Bxf5 23. Qc4+ Kh8 24. Rf3 Bg6 25. Ng3 Rad8 26. c3 a5 27. Nf5 Bxf5 28. Rxf5 c5 29. Rgf1 g6 30. R5f3 Qc6 31. cxb4 axb4 32. Rc1 f5 33. h3 Rc8 34. Rf2 Kg7 35. Rfc2 Rfd8 36. Kg1 Qd5 37. Qh4 Rd7 38. Qg3 Qd4+ 39. Kh1 Qd5 40. Qe3 Qd4 41. Qg3 h6 42. Rc4 Qxb2 43. R1c2 Qxb3 44. Qxe5+ Kh7 45. Rxc5 Rxc5 46. Rxc5 Qxd3 47. Rc8 Rg7 48. Rc7 Rxc7 49. Qxc7+ Kg8 50. Qb8+ Kf7 51. Qxb4 Qd1+ 52. Kh2 Qd5 53. Qb8 Ke7 54. Qc7+ Kf6 55. Qh7 Qd6+ 56. Kg1 Kg5 57. Qa7 Qe5 58. Qa4 f4 59. Qd7 Qe1+ 60. Kh2 Qg3+ 61. Kh1 h5 62. Qe7+ Kf5 63. Qc5+ Ke4 64. Qc4+ Ke3 65. Qc7 Kf2 66. Qc2+ Kf1 67. Qc1+ Ke2 68. Qc2+ Ke3 69. Qc3+ Ke4 70. Qc4+ Ke5 71. Qc5+ Ke6 72. Qc6+ Kf5 73. Qd5+ Kf6 74. Qd6+ Kg5 75. Qe7+ 1/2-1/2

[Event "GER-chT U20"]
[Site "Cologne"]
[Date "2004.12.30"]
[Round "7.5"]
[White "Schwarzberg, Ilja"]
[Black "Papaioannou, Dimitrios"]
[Result "0-1"]
[WhiteElo "1811"]
[BlackElo "1992"]
[PlyCount "70"]
[EventDate "2004.12.27"]
[EventType "team"]
[EventRounds "7"]
[EventCountry "GER"]
[SourceTitle "CBM 104 Extra"]
[Source "ChessBase"]
[SourceDate "2005.03.01"]
[SourceVersion "1"]
[SourceVersionDate "2005.03.01"]
[SourceQuality "1"]
[WhiteTeam "Muenchen Tarrasch U20"]
[BlackTeam "Koeln Muelheim (U20)"]
[WhiteTeamCountry "GER"]
[BlackTeamCountry "GER"]

1. e4 c5 2. Nf3 d6 3. d4 cxd4 4. Nxd4 Nf6 5. Nc3 a6 6. Bg5 e6 7. f4 Be7 8. Qf3 Qc7 9. 0-0-0 Nbd7 10. Kb1 b5 11. g4 b4 12. Nce2 Bb7 13. Ng3 Rc8 14. Bd3 Qb6 15. Nb3 a5 16. Qe2 a4 17. Nc1 a3 18. bxa3 bxa3+ 19. Nb3 Qb4 20. f5 Nc5 21. Bd2 Qb6 22. Ba5 Qa7 23. Bd2 Nfd7 24. g5 Na4 25. h4 Ndc5 26. Rhe1 0-0 27. Nh5 Nxb3 28. cxb3 Qd4 29. Ba5 Qe5 30. Qd2 Nb2 31. Bb4 Nxd3 32. Re2 Nxb4 33. Qxb4 Ba6 34. Rf2 Bd3+ 35. Rxd3 Qa1+ 0-1

[Event "GER-chT U20"]
[Site "Cologne"]
[Date "2004.12.29"]
[Round "6.5"]
[White "Schoene, Maria"]
[Black "Schwarzberg, Ilja"]
[Result "1-0"]
[WhiteElo "2110"]
[BlackElo "1811"]
[PlyCount "39"]
[EventDate "2004.12.27"]
[EventType "team"]
[EventRounds "7"]
[EventCountry "GER"]
[SourceTitle "CBM 104 Extra"]
[Source "ChessBase"]
[SourceDate "2005.03.01"]
[SourceVersion "1"]
[SourceVersionDate "2005.03.01"]
[SourceQuality "1"]
[WhiteTeam "Dresden SC (U20)"]
[BlackTeam "Muenchen Tarrasch U20"]
[WhiteTeamCountry "GER"]
[BlackTeamCountry "GER"]

1. e4 e5 2. Nf3 Nc6 3. Bb5 a6 4. Ba4 Bc5 5. 0-0 Nf6 6. d3 b5 7. Bb3 Bb7 8. h3 h6 9. c3 d5 10. Qe2 d4 11. a3 Qd6 12. Ba2 Bb6 13. Kh1 Rd8 14. c4 b4 15. Nh4 Nh7 16. f4 g5 17. c5 Bxc5 18. Bxf7+ Kf8 19. fxg5 hxg5 20. Be6+ 1-0